000 02007nam0a2200421 4500
001 RU\NLR\bibl\1001482
005 20260405054701.0
010 _a5-89332-087-5
_93000
035 _a(NLR Aleph) 000989195
090 _a508016
_c508016
100 _a20061026d2006 |||y0rusy50 ca
101 0 _arus
102 _aRU
105 _ay |||||||||
200 1 _aРоссия и Франция
_dLa Russie et la France
_eДипломаты. Литераторы. Шпионы
_fВера Мильчина
_zfre
210 _aСанкт-Петербург
_cГиперион
_d2006
215 _a524, [3] с.
_d22
225 1 _aФилологическая библиотека
_fотв. ред. П.В. Дмитриев
_vКн. 4
300 _aАвт. также на фр. яз.: Véra Miltchina
320 _aБиблиогр.: с. 390-501 и в подстроч. прим.
320 _aУказ. имен: с. 502-525
510 0 _6z45790
_aLa Russie et la France
_zfre
606 0 _aРусская литература
_xСвязи с французской литературой
_z19 в.
_91142144
_3RU\NLR\auth\66136286
606 0 _aФранцузская литература
_xСвязи с русской литературой
_z19 в.
_91082742
_3RU\NLR\auth\66104570
607 _aРоссия
_xВзаимоотношения
_yФранция
_z19 в.
_92291979
_3RU\NLR\auth\661372619
607 _aФранция
_xВзаимоотношения
_yРоссия
_z19 в.
_92291954
_3RU\NLR\auth\661372608
686 _aШ5(2=Р)51-318.3
686 _aШ5(4Фр)52-318.3
686 _aТ3(4Фр)51-64(2)
686 _aТ3(2)472-64(4Фр)
700 1 _4070
_8rus
_7ca
_aМильчина
_bВ. А.
_f1953-
_gВера Аркадьевна
_3RU\NLR\AUTH\7718360
_91438
790 1 _4070
_8rus
_7ba
_aMil'čina
_bV. A.
_f1953-
_gVera Arkad'evna
_3RU\NLR\AUTH\7718359
_91437
801 0 _aRU
_bNLR
_c20040331
_gPSBO
801 1 _aRU
_bNLR
_c20040331
942 _cBOOK
980 _aNB